Statistics for Random U.S. Cities on a Map - Extreme

Click here to take the quiz!

General Stats

  • This quiz has been taken 592 times
  • The average score is 6 of 20

Answers on the Map

Answers color-coded by a green-red scale on the quiz's map according to % correct below.
 

Answer Stats

StatePopulationCity% Correct
NY96,460Albany
100%
LA46,180Alexandria
100%
PA43,364Altoona
100%
TX199,371Amarillo
100%
GA506,811Atlanta
100%
IL197,757Aurora
100%
TX978,908Austin
100%
ME32,262Bangor
100%
NH10,122Berlin
100%
MT109,577Billings
100%
AL209,403Birmingham
100%
ID228,959Boise
100%
MA692,600Boston
100%
TX182,781Brownsville
100%
KY11,482Campbellsville
100%
WY57,931Casper
100%
MS1,424Centreville
100%
WV46,536Charleston
100%
WY64,235Cheyenne
100%
IL2,693,976Chicago
100%
OH303,940Cincinnati
100%
KS5,370Colby
100%
MS5,837Columbia
100%
OR16,700Coos Bay
100%
TX326,586Corpus Christi
100%
TX1,343,573Dallas
100%
MI670,031Detroit
100%
IA57,882Dubuque
100%
WV6,990Elkins
100%
TX681,728El Paso
100%
MT1,406Eureka
100%
ND124,662Fargo
100%
AZ75,038Flagstaff
100%
CO170,243Fort Collins
100%
MD72,244Frederick
100%
FL133,997Gainesville
100%
IL30,197Galesburg
100%
ND55,839Grand Forks
100%
NE51,267Grand Island
100%
MI201,013Grand Rapids
100%
MT58,434Great Falls
100%
HI345,064Honolulu
100%
TX2,320,268Houston
100%
WV45,110Huntington
100%
IN876,384Indianapolis
100%
CA91,765Indio
100%
WY10,559Jackson
100%
AK31,974Juneau
100%
MO495,327Kansas City
100%
WI51,227La Crosse
100%
LA126,185Lafayette
100%
MI118,210Lansing
100%
TX262,491Laredo
100%
NV651,319Las Vegas
100%
AR197,312Little Rock
100%
CA3,979,576Los Angeles
100%
KY617,638Louisville
100%
MN42,931Mankato
100%
IA26,931Mason City
100%
TX143,268McAllen
100%
NE7,560McCook
100%
OR81,465Medford
100%
TN651,073Memphis
100%
NV19,726Mesquite
100%
FL467,963Miami
100%
TX146,038Midland
100%
MN429,606Minneapolis
100%
AL188,720Mobile
100%
AL198,525Montgomery
100%
AR12,569Mountain Home
100%
MI36,565Muskegon
100%
MS14,615Natchez
100%
LA390,144New Orleans
100%
NY8,336,817New York
100%
FL60,786Ocala
100%
CA175,742Oceanside
100%
OK655,057Oklahoma City
100%
FL34,667Panama City
100%
PA1,584,064Philadelphia
100%
AZ1,680,992Phoenix
100%
ME66,215Portland
100%
OR657,100Portland
100%
FL201,846Port Saint Lucie
100%
ME9,007Presque Isle
100%
UT116,618Provo
100%
CO112,361Pueblo
100%
NC474,069Raleigh
100%
NV255,601Reno
100%
NY205,695Rochester
100%
GA36,716Rome
100%
UT89,587Saint George
100%
OR167,400Salem
100%
CA881,549San Francisco
100%
NM84,683Santa Fe
100%
SD183,793Sioux Falls
100%
KY11,585Somerset
100%
IN102,026South Bend
100%
MO167,882Springfield
100%
MS25,653Starkville
100%
OK50,299Stillwater
100%
CA312,697Stockton
100%
NY142,327Syracuse
100%
FL399,700Tampa
100%
TX36,317Texarkana
100%
OR14,820The Dalles
100%
KS125,310Topeka
100%
AZ548,073Tucson
100%
TX16,001Uvalde
100%
MS21,653Vicksburg
100%
SD22,174Watertown
100%
WI38,561Wausau
100%
WY9,788Cody
67%
OK18,338Altus
50%
AK6,586Bethel
50%
WV9,629Bluefield
50%
KY70,543Bowling Green
50%
NM29,810Carlsbad
50%
IL30,479Danville
50%
IN117,979Evansville
50%
MI95,538Flint
50%
AR13,080Harrison
50%
WY2,749Kemmerer
50%
AK5,813Kodiak
50%
UT51,542Logan
50%
TX5,890Lubbock
50%
CA8,235Mammoth Lakes
50%
LA47,294Monroe
50%
WY10,772Riverton
50%
CA107,263Santa Maria
50%
ID50,197Twin Falls
50%
TX139,236Waco
50%
NY24,838Watertown
50%
MI20,995Marquette
33%
UT10,438Vernal
33%
CA67,010Yuba City
25%
WA16,756Aberdeen
0%
SD28,257Aberdeen
0%
TX123,420Abilene
0%
OK17,235Ada
0%
WY2,041Afton
0%
NE1,620Ainsworth
0%
NM31,980Alamogordo
0%
CO9,591Alamosa
0%
GA72,130Albany
0%
NM560,513Albuquerque
0%
AL14,317Alexander City
0%
MN13,822Alexandria
0%
IA5,397Algona
0%
PA121,442Allentown
0%
NE8,092Alliance
0%
MI9,956Alpena
0%
TX5,982Alpine
0%
CA2,563Alturas
0%
OK4,953Alva
0%
GA15,108Americus
0%
AK288,000Anchorage
0%
AL8,680Andalusia
0%
TX14,109Andrews
0%
MI119,980Ann Arbor
0%
KS2,070Anthony
0%
OK24,698Ardmore
0%
NC92,870Asheville
0%
WI7,843Ashland
0%
CO7,401Aspen
0%
OR6,690Astoria
0%
GA126,913Athens
0%
TX12,753Athens
0%
IA6,526Atlantic
0%
NJ37,743Atlantic City
0%
GA197,888Augusta
0%
MN25,233Austin
0%
ME1,447Baileyville
0%
GA12,081Bainbridge
0%
MT1,893Baker
0%
OR9,965Baker City
0%
CA384,145Bakersfield
0%
TX3,642Ballinger
0%
MD593,490Baltimore
0%
VT8,528Barre
0%
AK4,467Barrow
0%
OK36,144Bartlesville
0%
AR10,878Batesville
0%
LA220,236Baton Rouge
0%
MN1,020Baudette
0%
TX17,535Bay City
0%
ND1,043Beach
0%
NE12,279Beatrice
0%
TX116,825Beaumont
0%
UT3,185Beaver
0%
WV15,940Beckley
0%
TX12,793Beeville
0%
WA92,314Bellingham
0%
MN15,434Bemidji
0%
OR91,385Bend
0%
ND3,139Beulah
0%
TX3,367Big Lake
0%
MI10,363Big Rapids
0%
TX28,187Big Spring
0%
VA5,132Big Stone Gap
0%
MT1,701Big Timber
0%
NY44,399Binghamton
0%
CA3,747Bishop
0%
ND73,529Bismarck
0%
UT3,633Blanding
0%
IN85,755Bloomington
0%
IL77,330Bloomington
0%
CA19,682Blythe
0%
LA11,504Bogalusa
0%
OK1,085Boise City
0%
NC19,667Boone
0%
ND2,154Bottineau
0%
ND1,599Bowman
0%
MT49,831Bozeman
0%
TX5,302Brady
0%
MN13,434Brainerd
0%
CT144,399Bridgeport
0%
NE3,497Broken Bow
0%
SD24,415Brookings
0%
MT1,014Browning
0%
TX18,455Brownwood
0%
NY255,284Buffalo
0%
WY4,575Buffalo
0%
AZ40,884Bullhead City
0%
VT42,819Burlington
0%
IA24,713Burlington
0%
OR2,835Burns
0%
MT34,207Butte
0%
MI10,497Cadillac
0%
NV1,076Caliente
0%
TX2,699Canadian
0%
CO16,725Cañon City
0%
FL194,495Cape Coral
0%
MO40,559Cape Girardeau
0%
IL25,083Carbondale
0%
ND1,980Carrington
0%
IA9,833Carroll
0%
UT34,764Cedar City
0%
IA133,562Cedar Rapids
0%
IA5,445Centerville
0%
NE5,412Chadron
0%
ID1,091Challis
0%
SD2,366Chamberlain
0%
PA21,143Chambersburg
0%
IL88,909Champaign
0%
SC137,566Charleston
0%
IL20,117Charleston
0%
NC885,708Charlotte
0%
VA47,266Charlottesville
0%
TN182,799Chattanooga
0%
IL8,213Chester
0%
CA103,301Chico
0%
TX6,048Childress
0%
OH21,722Chillicothe
0%
MO9,705Chillicothe
0%
IA5,366Clarinda
0%
MS14,894Clarksdale
0%
TN158,146Clarksville
0%
OH381,009Cleveland
0%
NM38,319Clovis
0%
TX117,911College Station
0%
CO478,221Colorado Springs
0%
MT2,246Colstrip
0%
MO123,195Columbia
0%
SC131,674Columbia
0%
GA195,769Columbus
0%
OH898,553Columbus
0%
NE23,468Columbus
0%
WA4,832Colville
0%
KS4,987Concordia
0%
TX91,079Conroe
0%
NH10,252Conway
0%
TN34,706Cookeville
0%
AK2,169Cordova
0%
MS14,472Corinth
0%
CO8,736Cortez
0%
PA2,404Coudersport
0%
CO9,022Craig
0%
AK1,262Craig
0%
TX3,682Crane
0%
CA6,787Crescent City
0%
IA7,713Creston
0%
FL25,274Crestview
0%
TX6,385Crockett
0%
ND1,285Crosby
0%
AR4,794Crossett
0%
TX7,158Crystal City
0%
AL16,034Cullman
0%
VA18,873Culpeper
0%
MD19,284Cumberland
0%
MT3,061Cut Bank
0%
TX8,310Dalhart
0%
VA40,044Danville
0%
IA101,590Davenport
0%
OH140,407Dayton
0%
IL70,746Decatur
0%
IA7,576Decorah
0%
OH16,634Defiance
0%
TX35,760Del Rio
0%
UT3,602Delta
0%
NM13,880Deming
0%
AL6,612Demopolis
0%
CO727,211Denver
0%
LA10,588DeRidder
0%
SD1,052De Smet
0%
IA214,237Des Moines
0%
MN9,288Detroit Lakes
0%
ND7,320Devils Lake
0%
ND23,133Dickinson
0%
AK2,360Dillingham
0%
MT4,301Dillon
0%
IL15,115Dixon
0%
KS27,104Dodge City
0%
AL68,941Dothan
0%
AZ16,193Douglas
0%
WY6,364Douglas
0%
DE38,166Dover
0%
NH32,191Dover
0%
ME4,037Dover-Foxcroft
0%
GA15,881Dublin
0%
MN85,618Duluth
0%
TX13,827Dumas
0%
CO18,973Durango
0%
OK18,673Durant
0%
TN16,314Dyersburg
0%
AZ4,941Eagar
0%
SD1,346Eagle Butte
0%
TX29,684Eagle Pass
0%
MI2,723East Tawas
0%
WI68,802Eau Claire
0%
CA44,079El Centro
0%
AR17,651El Dorado
0%
NC17,751Elizabeth City
0%
KY30,289Elizabethtown
0%
OK11,577Elk City
0%
KS1,758Elkhart
0%
NV20,452Elko
0%
NV3,993Ely
0%
VA5,346Emporia
0%
KS24,598Emporia
0%
OK49,688Enid
0%
UT7,308Ephraim
0%
PA95,508Erie
0%
MI12,160Escanaba
0%
AL11,709Eufaula
0%
OR171,210Eugene
0%
KS2,346Eureka
0%
CA26,710Eureka
0%
WY11,641Evanston
0%
VA1,372Exmore
0%
AK30,917Fairbanks
0%
MN10,030Fairmont
0%
NE4,117Falls City
0%
NM44,372Farmington
0%
MO19,113Farmington
0%
VA7,846Farmville
0%
NC211,657Fayetteville
0%
AR87,590Fayetteville
0%
MN13,794Fergus Falls
0%
OH41,225Findlay
0%
OR8,850Florence
0%
AL40,797Florence
0%
SC38,531Florence
0%
WA3,880Forks
0%
AR13,820Forrest City
0%
MT1,432Fort Benton
0%
CA7,291Fort Bragg
0%
IA23,888Fort Dodge
0%
ME3,856Fort Kent
0%
CO11,463Fort Morgan
0%
AR87,891Fort Smith
0%
TX8,421Fort Stockton
0%
IN270,402Fort Wayne
0%
TX909,585Fort Worth
0%
NE26,383Fremont
0%
CA531,576Fresno
0%
AL35,000Gadsden
0%
NM21,493Gallup
0%
KS26,408Garden City
0%
SC8,742Georgetown
0%
SD1,081Gettysburg
0%
WY32,030Gillette
0%
MT3,322Glasgow
0%
MT4,910Glendive
0%
CO9,930Glenwood Springs
0%
AZ7,347Globe
0%
KS4,406Goodland
0%
NE1,521Gordon
0%
ND4,157Grafton
0%
TX8,622Graham
0%
WA1,048Grand Coulee
0%
CO63,597Grand Junction
0%
ID3,237Grangeville
0%
NM8,942Grants
0%
WI1,281Grantsburg
0%
KS14,974Great Bend
0%
WI104,578Green Bay
0%
NC296,710Greensboro
0%
AL7,395Greenville
0%
SC70,635Greenville
0%
NC93,400Greenville
0%
MS29,085Greenville
0%
MS13,561Greenwood
0%
SC23,403Greenwood
0%
MS71,705Gulfport
0%
CO6,640Gunnison
0%
OK10,996Guymon
0%
ID8,689Hailey
0%
MT4,898Hamilton
0%
LA21,437Hammond
0%
MT3,788Hardin
0%
PA49,271Harrisburg
0%
VA53,016Harrisonburg
0%
ND1,646Harvey
0%
NM1,650Hatch
0%
MS45,863Hattiesburg
0%
MT9,791Havre
0%
KS20,744Hays
0%
KY4,860Hazard
0%
MT33,124Helena
0%
OR1,295Heppner
0%
ND1,155Hettinger
0%
MN15,855Hibbing
0%
NC41,171Hickory
0%
GA33,273Hinesville
0%
NM39,141Hobbs
0%
CO2,208Holyoke
0%
AK5,922Homer
0%
TX9,436Hondo
0%
AK1,227Hooper Bay
0%
NY8,302Hornell
0%
AR38,797Hot Springs
0%
SD3,502Hot Springs
0%
MI7,754Houghton
0%
ME5,752Houlton
0%
LA32,696Houma
0%
AL200,574Huntsville
0%
SD13,380Huron
0%
MN13,983Hutchinson
0%
KS40,383Hutchinson
0%
OK6,843Idabel
0%
ID62,888Idaho Falls
0%
NE2,055Imperial
0%
MI7,309Iron Mountain
0%
MI2,829Iron River
0%
MI4,870Ironwood
0%
FL6,317Islamorada
0%
NY30,837Ithaca
0%
TN67,191Jackson
0%
MS160,628Jackson
0%
MI32,440Jackson
0%
IL18,603Jacksonville
0%
FL911,507Jacksonville
0%
NC72,436Jacksonville
0%
NY29,058Jamestown
0%
ND15,084Jamestown
0%
WI64,575Janesville
0%
TX7,551Jasper
0%
IN15,724Jasper
0%
OR1,735John Day
0%
TN66,906Johnson City
0%
AR78,394Jonesboro
0%
MO50,925Joplin
0%
TX2,404Junction
0%
MI76,200Kalamazoo
0%
MT24,565Kalispell
0%
UT4,931Kanab
0%
NE33,867Kearney
0%
NH22,786Keene
0%
AK7,807Kenai
0%
WA84,347Kennewick
0%
WI99,944Kenosha
0%
TX23,754Kerrville
0%
AK8,284Ketchikan
0%
FL24,118Key West
0%
ND1,144Killdeer
0%
NC7,333Kill Devil Hills
0%
TX151,666Killeen
0%
NE2,373Kimball
0%
TX25,315Kingsville
0%
MO17,602Kirksville
0%
OR22,000Klamath Falls
0%
TN187,603Knoxville
0%
IN58,020Kokomo
0%
MS6,720Kosciusko
0%
AK3,246Kotzebue
0%
IN71,721Lafayette
0%
OR13,290La Grande
0%
CO6,881La Junta
0%
LA78,396Lake Charles
0%
FL12,352Lake City
0%
AZ55,865Lake Havasu City
0%
TX27,220Lake Jackson
0%
FL112,136Lakeland
0%
OR2,300Lakeview
0%
CO7,655Lamar
0%
TX9,147Lamesa
0%
CA157,601Lancaster
0%
ND1,752Langdon
0%
WY32,711Laramie
0%
NM103,432Las Cruces
0%
NM12,919Las Vegas
0%
OK93,025Lawton
0%
NH13,651Lebanon
0%
MO14,798Lebanon
0%
WV3,807Lewisburg
0%
MT5,801Lewistown
0%
KY323,152Lexington
0%
NE10,115Lexington
0%
MT2,779Libby
0%
KS19,174Liberal
0%
OH36,659Lima
0%
CO1,952Limon
0%
ME4,862Lincoln
0%
NE289,102Lincoln
0%
ND2,051Lisbon
0%
TX81,631Longview
0%
WA38,440Longview
0%
NM2,398Lordsburg
0%
NV1,828Lovelock
0%
MS3,153Lucedale
0%
MI8,108Ludington
0%
TX35,021Lufkin
0%
WY1,526Lusk
0%
WY2,070Lyman
0%
VA82,168Lynchburg
0%
IL17,413Macomb
0%
GA153,159Macon
0%
WI259,680Madison
0%
KY18,621Madisonville
0%
MS4,097Magee
0%
AR11,467Magnolia
0%
MT1,861Malta
0%
NH112,673Manchester
0%
MI2,939Manistique
0%
OH46,599Mansfield
0%
LA4,624Mansfield
0%
FL8,581Marathon
0%
FL5,803Marianna
0%
WI10,539Marinette
0%
MN13,487Marshall
0%
IA26,666Marshalltown
0%
WI18,471Marshfield
0%
TN10,484Martin
0%
MO11,599Maryville
0%
NY10,200Massena
0%
KY8,728Maysville
0%
OK17,814McAlester
0%
ID3,597McCall
0%
MS13,013McComb
0%
TN13,769McMinnville
0%
KS1,523Meade
0%
PA12,655Meadville
0%
WI4,282Medford
0%
CO2,252Meeker
0%
AR5,490Mena
0%
CA83,676Merced
0%
MS36,347Meridian
0%
KY9,084Middlesboro
0%
SD3,103Milbank
0%
MT8,264Miles City
0%
SD1,334Miller
0%
WI590,157Milwaukee
0%
ND47,382Minot
0%
MT75,516Missoula
0%
SD15,679Mitchell
0%
UT5,336Moab
0%
MO13,615Moberly
0%
SD3,444Mobridge
0%
TX7,816Monahans
0%
AL5,718Monroeville
0%
MN5,043Montevideo
0%
AR9,372Monticello
0%
CO19,782Montrose
0%
KY7,562Morehead
0%
WV30,549Morgantown
0%
MN5,333Morris
0%
TN30,193Morristown
0%
WA24,086Moses Lake
0%
MO4,690Mountain Grove
0%
ID14,562Mountain Home
0%
TX15,978Mount Pleasant
0%
CA3,274Mount Shasta
0%
IL14,723Mount Vernon
0%
TX5,019Muleshoe
0%
IN67,999Muncie
0%
MI2,203Munising
0%
KY19,327Murray
0%
OK37,113Muskogee
0%
SC34,695Myrtle Beach
0%
TN670,820Nashville
0%
LA1,047Natchitoches
0%
NE7,292Nebraska City
0%
KS1,303Ness City
0%
MO8,261Nevada
0%
OH50,315Newark
0%
NC29,994New Bern
0%
MI1,397Newberry
0%
WY3,397Newcastle
0%
OR10,285Newport
0%
AZ20,103Nogales
0%
AK3,870Nome
0%
NE24,449Norfolk
0%
NE23,639North Platte
0%
FL70,724North Port
0%
KS2,722Norton
0%
CT38,768Norwich
0%
NE4,497Ogallala
0%
UT87,773Ogden
0%
NY10,436Ogdensburg
0%
NY13,437Olean
0%
NE478,192Omaha
0%
WA4,778Omak
0%
NE3,579O'Neill
0%
NY13,437Oneonta
0%
MI1,250Ontonagon
0%
SC12,654Orangeburg
0%
NE2,076Ord
0%
FL287,442Orlando
0%
ID3,099Orofino
0%
WA1,675Oroville
0%
NY17,236Oswego
0%
IA24,368Ottumwa
0%
MN25,704Owatonna
0%
MS28,122Oxford
0%
CA208,881Oxnard
0%
KY24,865Paducah
0%
AZ7,529Page
0%
CO2,085Pagosa Springs
0%
TX17,730Palestine
0%
FL115,552Palm Bay
0%
FL89,800Palm Coast
0%
TX17,068Pampa
0%
TX24,847Paris
0%
WV29,306Parkersburg
0%
WI2,230Park Falls
0%
MN4,235Park Rapids
0%
AZ15,813Payson
0%
TX10,609Pearsall
0%
TX1,222Pecos
0%
FL52,975Pensacola
0%
IL110,417Peoria
0%
FL6,879Perry
0%
TX8,512Perryton
0%
WV2,655Petersburg
0%
MI5,756Petoskey
0%
MS7,078Philadelphia
0%
MO1,889Piedmont
0%
SD13,867Pierre
0%
KY6,551Pikeville
0%
AR41,474Pine Bluff
0%
WY1,871Pinedale
0%
PA300,286Pittsburgh
0%
IL4,254Pittsfield
0%
TX20,143Plainview
0%
SD1,258Platte
0%
TX10,855Pleasanton
0%
MT1,732Plentywood
0%
ID56,637Pocatello
0%
MT5,060Polson
0%
OK23,660Ponca City
0%
MO16,937Poplar Bluff
0%
WA20,229Port Angeles
0%
MI28,749Port Huron
0%
CA1,930Portola
0%
FL3,567Port Saint Joe
0%
OH20,158Portsmouth
0%
TX5,115Post
0%
NY30,515Poughkeepsie
0%
WI5,572Prairie du Chien
0%
KS6,496Pratt
0%
AZ46,515Prescott Valley
0%
TX1,625Presidio
0%
UT8,332Price
0%
RI179,883Providence
0%
WA34,506Pullman
0%
IL39,949Quincy
0%
CO2,263Rangely
0%
SD77,503Rapid City
0%
WY8,510Rawlins
0%
CA92,590Redding
0%
SD2,273Redfield
0%
MT2,303Red Lodge
0%
MN4,963Redwood Falls
0%
IN5,842Rensselaer
0%
WA1,066Republic
0%
WI7,642Rhinelander
0%
WI8,509Rice Lake
0%
UT7,888Richfield
0%
IN35,342Richmond
0%
VA230,436Richmond
0%
CA28,973Ridgecrest
0%
TX14,511Rio Grande City
0%
WA1,654Ritzville
0%
VA99,143Roanoke
0%
MN118,935Rochester
0%
IL145,609Rockford
0%
ME7,165Rockland
0%
WY22,653Rock Springs
0%
TX1,135Rocksprings
0%
NC53,922Rocky Mount
0%
MI2,653Rogers City
0%
MO20,431Rolla
0%
ND1,252Rolla
0%
MN2,672Roseau
0%
OR24,890Roseburg
0%
NM47,551Roswell
0%
MT1,850Roundup
0%
ND2,590Rugby
0%
NM7,901Ruidoso
0%
AR29,175Russellville
0%
VT15,074Rutland
0%
CA513,624Sacramento
0%
AZ9,983Safford
0%
MN68,462Saint Cloud
0%
MN7,916Saint Francis
0%
MO74,875Saint Joseph
0%
MO300,576Saint Louis
0%
PA12,260Saint Marys
0%
CO6,082Salida
0%
KS46,550Salina
0%
CA155,465Salinas
0%
MD32,935Salisbury
0%
ID3,169Salmon
0%
UT200,567Salt Lake City
0%
TX101,004San Angelo
0%
TX1,547,253San Antonio
0%
CA1,423,851San Diego
0%
ID8,931Sandpoint
0%
CA1,021,795San Jose
0%
CA176,753Santa Rosa
0%
NM2,636Santa Rosa
0%
NY5,200Saranac Lake
0%
WY1,615Saratoga
0%
MI13,420Sault Sainte Marie
0%
GA144,464Savannah
0%
KS3,748Scott City
0%
NE14,556Scottsbluff
0%
PA76,653Scranton
0%
WA753,675Seattle
0%
MO21,629Sedalia
0%
AL17,231Selma
0%
AK2,796Seward
0%
TX2,550Seymour
0%
WI47,965Sheboygan
0%
WY17,940Sheridan
0%
AZ11,442Show Low
0%
LA187,112Shreveport
0%
MT6,173Sidney
0%
NE6,115Sidney
0%
AZ43,045Sierra Vista
0%
NM9,386Silver City
0%
IA82,651Sioux City
0%
SD2,398Sisseton
0%
AK8,493Sitka
0%
TX11,023Snyder
0%
NM8,348Socorro
0%
ID3,023Soda Springs
0%
TX2,786Sonora
0%
VA4,349South Hill
0%
SD11,756Spearfish
0%
IA10,952Spencer
0%
WA222,081Spokane
0%
IL114,230Springfield
0%
MA153,606Springfield
0%
CO1,375Springfield
0%
ND2,677Stanley
0%
PA42,160State College
0%
GA32,954Statesboro
0%
CO13,214Steamboat Springs
0%
TX21,247Stephenville
0%
CO14,495Sterling
0%
IA10,322Storm Lake
0%
AR8,490Stuttgart
0%
SC39,642Sumter
0%
NE1,807Superior
0%
CA15,010Susanville
0%
TX10,469Sweetwater
0%
FL194,500Tallahassee
0%
NM5,929Taos
0%
CO2,479Telluride
0%
IN60,622Terre Haute
0%
MN8,828Thief River Falls
0%
GA18,518Thomasville
0%
MT1,427Thompson Falls
0%
GA16,838Tifton
0%
OR4,935Tillamook
0%
FL46,580Titusville
0%
GA8,336Toccoa
0%
OH272,779Toledo
0%
MI15,738Traverse City
0%
CO8,200Trinidad
0%
AL18,957Troy
0%
NM5,753Truth or Consequences
0%
NM4,867Tucumcari
0%
OK401,190Tulsa
0%
MS38,312Tupelo
0%
AL101,129Tuscaloosa
0%
TX2,428Tyler
0%
CA15,995Ukiah
0%
KS5,604Ulysses
0%
AK4,432Unalaska
0%
NY59,750Utica
0%
AK3,855Valdez
0%
GA56,457Valdosta
0%
NE2,706Valentine
0%
ND6,323Valley City
0%
TX1,870Van Horn
0%
TX10,323Vernon
0%
TX66,916Victoria
0%
GA10,402Vidalia
0%
IN16,862Vincennes
0%
NJ59,439Vineland
0%
VA449,974Virginia Beach
0%
CA134,605Visalia
0%
MN4,105Wadena
0%
WA32,900Walla Walla
0%
CO3,029Walsenburg
0%
DC705,749Washington, D.C.
0%
IA67,328Waterloo
0%
GA13,480Waycross
0%
OK12,017Weatherford
0%
SD1,726Webster
0%
NV1,252Wells
0%
PA3,227Wellsboro
0%
WA34,360Wenatchee
0%
MI2,050West Branch
0%
FL111,955West Palm Beach
0%
MO12,304West Plains
0%
NV4,273West Wendover
0%
MT1,376West Yellowstone
0%
WY3,462Wheatland
0%
WV26,430Wheeling
0%
KS389,938Wichita
0%
TX104,683Wichita Falls
0%
AZ8,092Wickenburg
0%
MS4,541Wiggins
0%
AZ3,533Willcox
0%
PA28,186Williamsport
0%
ND29,033Williston
0%
MN19,869Willmar
0%
NC123,744Wilmington
0%
VA28,078Winchester
0%
NV7,754Winnemucca
0%
SD2,824Winner
0%
LA4,550Winnsboro
0%
AZ9,338Winslow
0%
MT2,730Wolf Point
0%
OK12,121Woodward
0%
MA185,428Worcester
0%
WY5,024Worland
0%
MN13,099Worthington
0%
AK2,502Wrangell
0%
WY1,753Wright
0%
WA93,637Yakima
0%
SD14,687Yankton
0%
NV3,241Yerington
0%
NE7,846York
0%
OH65,469Youngstown
0%
CA7,518Yreka
0%
CO3,479Yuma
0%
AZ98,285Yuma
0%

Score Distribution

Percentile by Number Answered

Percent of People with Each Score

Your Score History

You have not taken this quiz